000 00850nam a22001817a 4500
008 100706t1996 xxu||||| |||| 00| 0 ara d
020 _a9770147230
082 _222
_a364.131
_bط و ي
100 1 _915940
_aالطويلة، عبد الستار
245 _aحكومة مدنية... أم دينية ؟! /
_cعبد الستار الطويلة.
260 _aالقاهرة :
_bالهيئة المصرية العامة للكتاب ،
_c1996.
300 _a614 ص :
_c24 سم.
541 _aألف باء ؛
_cشراء ؛
650 0 _915550
_aالإرهاب
_bمصر
650 0 _98614
_a-السياسة
_xمقالات ومحاضرات.
942 _2ddc
_cBB
999 _c14388
_d14388